[Event "Commonwealth-ch"]
[Site "Waskaduwa"]
[Date "2024.08.31"]
[Round "4"]
[White "Sharon, Rafael"]
[Black "Laxman, Rajaram"]
[Result "1/2-1/2"]
[WhiteElo "2126"]
[BlackElo "2322"]
[PlyCount "42"]
[EventDate "2024.08.28"]
[EventType "swiss"]
[EventRounds "9"]
[EventCountry "SRI"]
[SourceTitle "EXT 2025"]
[Source "ChessBase"]
[SourceDate "2024.10.14"]
[SourceVersion "1"]
[SourceVersionDate "2024.10.14"]
[SourceQuality "1"]

1. e4 e5 2. Nf3 Nc6 3. Bb5 a6 4. Ba4 Nf6 5. 0-0 Be7 6. Re1 b5 7. Bb3 0-0 8. c3 d6 9. h3 Nb8 10. d4 Nbd7 11. Nbd2 Bb7 12. Bc2 Re8 13. Nf1 Bf8 14. Ng3 g6 15. b3 c6 16. Bg5 h6 17. Be3 Bg7 18. Qd2 Kh7 19. Rad1 Qe7 20. Qc1 Qf8 21. Nh2 Rac8 1/2-1/2

[Event "IND-ch 61st"]
[Site "Gurugram"]
[Date "2024.08.26"]
[Round "10"]
[White "Sankalp, Gupta"]
[Black "Laxman, Rajaram"]
[Result "1-0"]
[WhiteElo "2546"]
[BlackElo "2328"]
[PlyCount "89"]
[EventDate "2024.08.17"]
[EventType "swiss"]
[EventRounds "11"]
[EventCountry "IND"]
[SourceTitle "EXT 2025"]
[Source "ChessBase"]
[SourceDate "2024.10.14"]
[SourceVersion "1"]
[SourceVersionDate "2024.10.14"]
[SourceQuality "1"]

1. e4 e5 2. Nf3 Nc6 3. Bb5 a6 4. Ba4 Nf6 5. 0-0 Be7 6. Re1 b5 7. Bb3 0-0 8. c3 d6 9. h3 Na5 10. Bc2 c5 11. d4 Qc7 12. d5 Bd7 13. b3 Rfe8 14. Be3 g6 15. Nbd2 Bf8 16. Nf1 Bg7 17. Ng3 Nb7 18. Qd2 a5 19. a3 Rec8 20. Rec1 Qd8 21. Bh6 Bxh6 22. Qxh6 Qf8 23. Qd2 c4 24. b4 axb4 25. cxb4 Ra6 26. Ra2 Rca8 27. Rca1 h5 28. Ne2 Nh7 29. Nc3 f5 30. exf5 gxf5 31. a4 bxa4 32. Bxa4 Bxa4 33. Rxa4 Rxa4 34. Rxa4 Rxa4 35. Nxa4 Qe8 36. Nc3 Qa8 37. Nh4 f4 38. Qc2 Nf8 39. Ne4 Qa1+ 40. Kh2 Qd4 41. Nf6+ Kf7 42. Qf5 Ke7 43. Ng6+ Nxg6 44. Qe6+ Kf8 45. Qg8+ 1-0

[Event "Kolkata Rapid op"]
[Site "Kolkata"]
[Date "2024.05.05"]
[Round "8"]
[White "Aronyak, Ghosh"]
[Black "Laxman, Rajaram"]
[Result "1/2-1/2"]
[WhiteElo "2429"]
[BlackElo "2203"]
[PlyCount "96"]
[EventDate "2024.05.04"]
[EventType "swiss (rapid)"]
[EventRounds "11"]
[EventCountry "IND"]
[SourceTitle "CBM 220 Extra"]
[Source "ChessBase"]
[SourceDate "2024.07.31"]
[SourceVersion "1"]
[SourceVersionDate "2024.07.31"]
[SourceQuality "1"]

1. c4 e6 2. Nc3 d5 3. d4 h6 4. Bf4 Nf6 5. e3 Bd6 6. Bg3 Bxg3 7. hxg3 b6 8. Nf3 Bb7 9. cxd5 exd5 10. Bb5+ c6 11. Bd3 Nbd7 12. Ne5 Nxe5 13. dxe5 Nd7 14. f4 Nc5 15. g4 Qe7 16. g5 Qe6 17. Bc2 0-0-0 18. gxh6 Rxh6 19. Rxh6 Qxh6 20. Qg4+ Kb8 21. 0-0-0 f6 22. b4 Na6 23. Qe6 Nc7 24. Qh3 fxe5 25. Qxh6 gxh6 26. fxe5 Re8 27. Rh1 Rxe5 28. Kd2 Rg5 29. Rxh6 Rxg2+ 30. Kc1 Rg8 31. Ba4 c5 32. bxc5 bxc5 33. Rd6 a6 34. Bc6 Rg1+ 35. Kc2 Rg2+ 36. Kb3 Bxc6 37. Rxc6 Rg3 38. Rxc5 Rxe3 39. Kc2 Re5 40. Rc6 Kb7 41. Rd6 Rh5 42. Na4 Rh2+ 43. Kb3 Rh3+ 44. Kb2 Rh4 45. Nc5+ Ka7 46. Rc6 Rh7 47. a4 a5 48. Nb3 Na6 1/2-1/2

[Event "Kolkata Rapid op"]
[Site "Kolkata"]
[Date "2024.05.05"]
[Round "6"]
[White "Ritabrata, Chakraborty"]
[Black "Laxman, Rajaram"]
[Result "1/2-1/2"]
[WhiteElo "1796"]
[BlackElo "2203"]
[PlyCount "29"]
[EventDate "2024.05.04"]
[EventType "swiss (rapid)"]
[EventRounds "11"]
[EventCountry "IND"]
[SourceTitle "CBM 220 Extra"]
[Source "ChessBase"]
[SourceDate "2024.07.31"]
[SourceVersion "1"]
[SourceVersionDate "2024.07.31"]
[SourceQuality "1"]

1. e4 e5 2. Nf3 Nc6 3. Nc3 Nf6 4. d4 exd4 5. Nxd4 Bb4 6. Nxc6 bxc6 7. Bd3 d5 8. exd5 Qe7+ 9. Qe2 Qxe2+ 10. Bxe2 Nxd5 11. Bd2 0-0 12. Nxd5 Bxd2+ 13. Kxd2 cxd5 14. b4 Rd8 15. Bf1 1/2-1/2

[Event "Bijnor op"]
[Site "Bijnor"]
[Date "2024.03.21"]
[Round "9"]
[White "Daksh, Goyal"]
[Black "Laxman, Rajaram"]
[Result "0-1"]
[WhiteElo "1926"]
[BlackElo "2331"]
[PlyCount "134"]
[EventDate "2024.03.17"]
[EventType "swiss"]
[EventRounds "9"]
[EventCountry "IND"]
[SourceTitle "CBM 219 Extra"]
[Source "ChessBase"]
[SourceDate "2024.05.31"]
[SourceVersion "1"]
[SourceVersionDate "2024.05.31"]
[SourceQuality "1"]

1. e4 e5 2. Nf3 Nc6 3. Bc4 Bc5 4. c3 Nf6 5. d3 d6 6. 0-0 0-0 7. a4 a5 8. Nbd2 h6 9. Re1 Be6 10. Qb3 Qd7 11. Nf1 Ne7 12. Be3 Bxe3 13. Nxe3 c6 14. Bxe6 Qxe6 15. Qxe6 fxe6 16. Nc4 Ne8 17. Ra3 Ng6 18. Nfd2 b5 19. axb5 cxb5 20. Rxa5 Rxa5 21. Nxa5 Nf4 22. Re3 Nf6 23. f3 Nd7 24. g3 Ng6 25. Ndb3 Ra8 26. h4 Ne7 27. Re2 Nc8 28. Kf2 Kf7 29. Nc6 Ncb6 30. f4 exf4 31. gxf4 Nc5 32. Nxc5 dxc5 33. d4 c4 34. Nb4 Ra1 35. Nc2 Rh1 36. Kg3 Rg1+ 37. Rg2 Rd1 38. Kf3 Rd3+ 39. Ne3 b4 40. cxb4 Rxd4 41. Rc2 h5 42. Rc3 g6 43. Ra3 Nd7 44. Ra7 Ke8 45. Rc7 Rd3 46. Rxc4 Rb3 47. Rd4 Nf6 48. Ke2 Rxb2+ 49. Kd3 Rh2 50. e5 Nd7 51. Rd6 Ke7 52. Nc2 Rh3+ 53. Ke4 Nf6+ 54. Kd4 Rxh4 55. Kd3 Nd5 56. Nd4 Nxf4+ 57. Kc2 Rh2+ 58. Kb3 Rh3+ 59. Kc4 Rh1 60. b5 Rc1+ 61. Kb3 h4 62. b6 h3 63. Nc6+ Kf8 64. Rd8+ Kg7 65. Rd7+ Kh6 66. b7 h2 67. b8Q Rb1+ 0-1

[Event "Bijnor op"]
[Site "Bijnor"]
[Date "2024.03.18"]
[Round "4"]
[White "Laxman, Rajaram"]
[Black "Shreyash, Singh"]
[Result "1/2-1/2"]
[WhiteElo "2331"]
[BlackElo "1807"]
[PlyCount "62"]
[EventDate "2024.03.17"]
[EventType "swiss"]
[EventRounds "9"]
[EventCountry "IND"]
[SourceTitle "CBM 219 Extra"]
[Source "ChessBase"]
[SourceDate "2024.05.31"]
[SourceVersion "1"]
[SourceVersionDate "2024.05.31"]
[SourceQuality "1"]

1. d4 Nf6 2. c4 e6 3. g3 d5 4. Nf3 Be7 5. Bg2 0-0 6. 0-0 c6 7. Nbd2 b6 8. Qc2 Bb7 9. e4 Na6 10. e5 Nd7 11. a3 Nc7 12. Rd1 dxc4 13. Nxc4 Nd5 14. b4 a5 15. bxa5 bxa5 16. h4 h6 17. Bd2 a4 18. Qe4 c5 19. Qg4 Kh7 20. Rab1 Ba6 21. Bf1 g6 22. h5 g5 23. Qe4+ Kg7 24. Ne3 Bxf1 25. Rxf1 Nxe3 26. fxe3 cxd4 27. exd4 Nb6 28. Bb4 Nd5 29. Bxe7 Qxe7 30. Qd3 Rac8 31. Rfc1 Rxc1+ 1/2-1/2

[Event "Bijnor op"]
[Site "Bijnor"]
[Date "2024.03.17"]
[Round "1"]
[White "Arun, Saxena1"]
[Black "Laxman, Rajaram"]
[Result "0-1"]
[WhiteElo "1477"]
[BlackElo "2331"]
[PlyCount "58"]
[EventDate "2024.03.17"]
[EventType "swiss"]
[EventRounds "9"]
[EventCountry "IND"]
[SourceTitle "CBM 219 Extra"]
[Source "ChessBase"]
[SourceDate "2024.05.31"]
[SourceVersion "1"]
[SourceVersionDate "2024.05.31"]
[SourceQuality "1"]

1. d4 Nf6 2. Nf3 e6 3. Bf4 b6 4. e3 Bb7 5. Be2 g6 6. Nbd2 Bg7 7. Bg5 d6 8. c4 Nbd7 9. e4 h6 10. Bxf6 Qxf6 11. Qc2 c5 12. Nb3 0-0 13. 0-0-0 Qf4+ 14. Rd2 Bxe4 15. Qd1 cxd4 16. g3 Qf6 17. Nbxd4 Rac8 18. Nb5 Bxf3 19. Bxf3 Rxc4+ 20. Nc3 Rfc8 21. Be2 Rxc3+ 22. bxc3 Qxc3+ 23. Rc2 Qb2+ 24. Kd2 Qb4+ 25. Ke3 Rc3+ 26. Rxc3 Qxc3+ 27. Qd3 Bd4+ 28. Kf4 g5+ 29. Kg4 Ne5+ 0-1

[Event "IND-ch Blitz"]
[Site "Nashik"]
[Date "2024.03.07"]
[Round "2"]
[White "Laxman, Rajaram"]
[Black "Apoorv, Kamble"]
[Result "0-1"]
[WhiteElo "2379"]
[BlackElo "2005"]
[PlyCount "95"]
[EventDate "2024.03.07"]
[EventType "swiss (blitz)"]
[EventRounds "11"]
[EventCountry "IND"]
[SourceTitle "CBM 219 Extra"]
[Source "ChessBase"]
[SourceDate "2024.05.31"]
[SourceVersion "1"]
[SourceVersionDate "2024.05.31"]
[SourceQuality "1"]

1. d4 Nf6 2. Nf3 d5 3. c4 c6 4. e3 a6 5. Nbd2 g6 6. Be2 Bg7 7. 0-0 0-0 8. b4 Nbd7 9. Bb2 b5 10. c5 Qc7 11. a4 Bb7 12. Nb3 Ne4 13. Qc2 f5 14. Bd3 h6 15. Na5 Rae8 16. Rfc1 Bc8 17. axb5 axb5 18. Nb3 Bb7 19. Na5 Ba8 20. Nb3 Bb7 21. g3 Ra8 22. Rxa8 Rxa8 23. Nh4 Kh7 24. f3 Ng5 25. f4 Ne4 26. g4 e6 27. Qg2 Rg8 28. Kh1 Bf6 29. Nf3 Qd8 30. h3 Be7 31. Na5 Ba8 32. Rg1 Rg7 33. gxf5 exf5 34. Ne5 Nxe5 35. dxe5 Rg8 36. Bd4 Bh4 37. Bxe4 dxe4 38. Qa2 Qe7 39. Nb3 Bb7 40. Na5 Ba8 41. Nb3 Bb7 42. Rd1 Rd8 43. Na5 Ba8 44. Rd2 Be1 45. Rb2 Rd5 46. Qb3 Qh4 47. Rh2 Qg3 48. Qc2 0-1

[Event "IND-ch Blitz"]
[Site "Nashik"]
[Date "2024.03.07"]
[Round "10"]
[White "Laxman, Rajaram"]
[Black "Raja, Rithvik R"]
[Result "0-1"]
[WhiteElo "2379"]
[BlackElo "2395"]
[PlyCount "56"]
[EventDate "2024.03.07"]
[EventType "swiss (blitz)"]
[EventRounds "11"]
[EventCountry "IND"]
[SourceTitle "CBM 219 Extra"]
[Source "ChessBase"]
[SourceDate "2024.05.31"]
[SourceVersion "1"]
[SourceVersionDate "2024.05.31"]
[SourceQuality "1"]

1. d4 d5 2. Nf3 Nf6 3. c4 e6 4. g3 dxc4 5. Bg2 a6 6. 0-0 Nc6 7. Qd2 Bd7 8. Rd1 b5 9. Ne5 Nxe5 10. dxe5 Nd5 11. Bxd5 exd5 12. Qxd5 c6 13. Qe4 Qc8 14. Nc3 Be7 15. Bf4 0-0 16. Qd4 Be6 17. Ne4 c5 18. Qe3 Qc6 19. Nd6 Rad8 20. h4 Rd7 21. Qf3 Qxf3 22. exf3 Rfd8 23. h5 f6 24. Re1 fxe5 25. Rxe5 Rxd6 26. Rae1 Kf7 27. Rxc5 Rd1 28. Bc1 R1d2 0-1

[Event "Bhubaneswar SOA op 1st"]
[Site "Bhubaneswar"]
[Date "2024.01.30"]
[Round "3"]
[White "Tahbaz, Arash"]
[Black "Laxman, Rajaram"]
[Result "1-0"]
[WhiteElo "2425"]
[BlackElo "2338"]
[PlyCount "48"]
[EventDate "2024.01.28"]
[EventType "swiss"]
[EventRounds "10"]
[EventCountry "IND"]
[SourceTitle "CBM 218 Extra"]
[Source "ChessBase"]
[SourceDate "2024.03.31"]
[SourceVersion "1"]
[SourceVersionDate "2024.03.31"]
[SourceQuality "1"]

1. d4 Nf6 2. Nf3 e6 3. Bf4 b6 4. e3 Bb7 5. h3 g6 6. c4 Bg7 7. Nc3 0-0 8. Bd3 d6 9. 0-0 Nc6 10. Rc1 Re8 11. c5 e5 12. dxe5 dxe5 13. Bg5 bxc5 14. Bxf6 Bxf6 15. Be4 Rb8 16. Qa4 Re6 17. Rfd1 Rd6 18. Rxd6 Qxd6 19. Rd1 Qe6 20. Bd5 Qe8 21. Ne4 Be7 22. Neg5 Bxg5 23. Nxg5 Qe7 24. Nxf7 Kf8 1-0

[Event "Bangalore op-A 1st"]
[Site "Bangalore"]
[Date "2024.01.23"]
[Round "7"]
[White "Pattnayak, Nilsu"]
[Black "Laxman, Rajaram"]
[Result "0-1"]
[WhiteElo "1987"]
[BlackElo "2338"]
[PlyCount "140"]
[EventDate "2024.01.18"]
[EventType "swiss"]
[EventRounds "10"]
[EventCountry "IND"]
[SourceTitle "CBM 218 Extra"]
[Source "ChessBase"]
[SourceDate "2024.03.31"]
[SourceVersion "1"]
[SourceVersionDate "2024.03.31"]
[SourceQuality "1"]

1. e4 e5 2. Nf3 Nc6 3. Bb5 Nf6 4. 0-0 Nxe4 5. Re1 Nd6 6. Bxc6 dxc6 7. Nxe5 Be7 8. d4 0-0 9. Nd2 Be6 10. Ndf3 a5 11. a4 Re8 12. b3 Nf5 13. Bb2 Bb4 14. c3 Bd6 15. Qc2 f6 16. Nc4 Qd7 17. Nxd6 cxd6 18. c4 d5 19. c5 Bf7 20. Rxe8+ Rxe8 21. Re1 g5 22. Rxe8+ Bxe8 23. h3 Qe6 24. Bc3 h5 25. Qd1 h4 26. Qe1 Qxe1+ 27. Nxe1 Bh5 28. f3 Kf7 29. Kf2 Bg6 30. Nc2 Ng7 31. Ne3 Ne6 32. Ke2 Ke7 33. Kd2 Bb1 34. Kc1 Bd3 35. Kd2 Ba6 36. Nf5+ Kf7 37. Ke1 Nf4 38. Ne3 Ne2 39. Bxa5 Nxd4 40. b4 Ne6 41. Nf5 Bc4 42. Nd6+ Ke7 43. Nxb7 Bb3 44. b5 Bxa4 45. b6 Kd7 46. Bb4 Bb5 47. Nd6 Ba6 48. Nf5 Nf4 49. Bc3 Nxg2+ 50. Kf2 Nf4 51. Bxf6 Ke6 52. Bxg5 Nxh3+ 53. Ke3 Nxg5 54. Nxh4 Kf6 55. f4 Ne6 56. Nf3 Nxc5 57. Ne5 Bb7 58. Kd4 Ne6+ 59. Ke3 c5 60. Ng4+ Ke7 61. f5 d4+ 62. Kd3 Nf4+ 63. Kc4 Kd6 64. f6 Ba6+ 65. Kb3 Ke6 66. Nf2 c4+ 67. Kc2 Bb7 68. Ng4 Be4+ 69. Kd2 c3+ 70. Kc1 Ne2+ 0-1

[Event "Bangalore op-A 1st"]
[Site "Bangalore"]
[Date "2024.01.21"]
[Round "6"]
[White "Laxman, Rajaram"]
[Black "Aquino, Jethro Dino"]
[Result "1/2-1/2"]
[WhiteElo "2338"]
[BlackElo "2166"]
[PlyCount "91"]
[EventDate "2024.01.18"]
[EventType "swiss"]
[EventRounds "10"]
[EventCountry "IND"]
[SourceTitle "CBM 218 Extra"]
[Source "ChessBase"]
[SourceDate "2024.03.31"]
[SourceVersion "1"]
[SourceVersionDate "2024.03.31"]
[SourceQuality "1"]

1. d4 Nf6 2. c4 g6 3. Nf3 Bg7 4. g3 c6 5. Bg2 d5 6. Qb3 0-0 7. Nc3 a5 8. cxd5 cxd5 9. 0-0 Nc6 10. Bf4 Ne4 11. Rfd1 Nxc3 12. bxc3 a4 13. Qb5 Qa5 14. Qxa5 Nxa5 15. Rab1 Bf5 16. Rb5 Rfc8 17. Rxd5 Be6 18. Rb5 Bxa2 19. Ne5 Bxe5 20. Rxe5 Bc4 21. Rxe7 a3 22. Bh3 Re8 23. Rxe8+ Rxe8 24. e4 Nb3 25. d5 a2 26. d6 Bb5 27. c4 Bc6 28. d7 Bxd7 29. Bxd7 Rxe4 30. Bc8 a1Q 31. Rxa1 Nxa1 32. Bxb7 Rxc4 33. Bd5 Rd4 34. Bf3 Nc2 35. h4 f6 36. Be2 Kg7 37. Kg2 h6 38. Kf1 g5 39. hxg5 hxg5 40. Bc7 Rd7 41. Bb6 f5 42. Ba5 Kg6 43. Bb5 Re7 44. Bd3 Re5 45. Bxc2 Rxa5 46. g4 1/2-1/2

[Event "Chennai op 14th"]
[Site "Chennai"]
[Date "2024.01.03"]
[Round "5"]
[White "Laxman, Rajaram"]
[Black "Gaikwad, Manas"]
[Result "1-0"]
[WhiteElo "2338"]
[BlackElo "1916"]
[PlyCount "109"]
[EventDate "2023.12.31"]
[EventType "swiss"]
[EventRounds "10"]
[EventCountry "IND"]
[SourceTitle "CBM 218 Extra"]
[Source "ChessBase"]
[SourceDate "2024.03.31"]
[SourceVersion "1"]
[SourceVersionDate "2024.03.31"]
[SourceQuality "1"]

1. d4 Nf6 2. c4 g6 3. Nf3 Bg7 4. g3 0-0 5. Bg2 d6 6. 0-0 Nc6 7. Nc3 a6 8. b3 Rb8 9. Nd5 e6 10. Nxf6+ Bxf6 11. Bh6 Re8 12. Rc1 e5 13. d5 Ne7 14. e4 c5 15. Ne1 Bg7 16. Bxg7 Kxg7 17. f4 Ng8 18. fxe5 dxe5 19. Nd3 b6 20. Qd2 Qd6 21. b4 cxb4 22. Qxb4 Qxb4 23. Nxb4 Bb7 24. Nd3 a5 25. Rf3 Ba6 26. g4 Rbc8 27. Nb2 Rc5 28. g5 f6 29. h4 b5 30. Rcf1 bxc4 31. gxf6+ Kf7 32. Na4 Rb5 33. Rc3 Reb8 34. Bh3 Rb1 35. Be6+ Kf8 36. Nc5 Rxf1+ 37. Kxf1 Bc8 38. Rf3 Rb5 39. Na4 Rb8 40. Bxc8 Rxc8 41. Nb6 Rc7 42. d6 Rb7 43. d7 Rb8 44. Nc8 Rb1+ 45. Ke2 Rb2+ 46. Kd1 Nxf6 47. d8Q+ Kg7 48. Qxf6+ Kh6 49. Qg5+ Kg7 50. Qxe5+ Kh6 51. Qxb2 c3 52. Qxc3 a4 53. Qe5 a3 54. Ne7 g5 55. Qxg5# 1-0

[Event "Qatar Masters op"]
[Site "Doha"]
[Date "2023.10.17"]
[Round "6"]
[White "Fawzy, Adham"]
[Black "Laxman, Rajaram"]
[Result "1-0"]
[WhiteElo "2535"]
[BlackElo "2322"]
[PlyCount "73"]
[EventDate "2023.10.11"]
[EventType "swiss"]
[EventRounds "9"]
[EventCountry "QAT"]
[SourceTitle "EXT 2025"]
[Source "ChessBase"]
[SourceDate "2024.10.14"]
[SourceVersion "1"]
[SourceVersionDate "2024.10.14"]
[SourceQuality "1"]

1. e4 e5 2. Nf3 Nc6 3. Bb5 Nf6 4. 0-0 Nxe4 5. Re1 Nd6 6. Nxe5 Be7 7. Bf1 Nxe5 8. Rxe5 0-0 9. d4 Bf6 10. Re1 Re8 11. Rxe8+ Nxe8 12. d5 d6 13. Nd2 Bg5 14. Nc4 Bxc1 15. Rxc1 Qg5 16. Ne3 f5 17. c4 f4 18. Nc2 Bd7 19. Qd2 Nf6 20. Nd4 Ne4 21. Qc2 Re8 22. Re1 Nf6 23. Rxe8+ Nxe8 24. c5 dxc5 25. Qxc5 Qe5 26. Ne6 Qd6 27. Qxa7 b6 28. Qa8 c5 29. Qd8 h6 30. Nxf4 Qxf4 31. Qxd7 Nd6 32. Qd8+ Kf7 33. g3 Qe5 34. Qxb6 Qxd5 35. b3 Qd4 36. Qd8 Kg6 37. a4 1-0

[Event "Bhubaneswar op-A 14th"]
[Site "Bhubaneswar"]
[Date "2023.06.17"]
[Round "9"]
[White "Szpar, Milosz"]
[Black "Laxman, Rajaram"]
[Result "1/2-1/2"]
[WhiteElo "2447"]
[BlackElo "2299"]
[PlyCount "155"]
[EventDate "2023.06.11"]
[EventType "swiss"]
[EventRounds "10"]
[EventCountry "IND"]
[SourceTitle "CBM 214 Extra"]
[Source "ChessBase"]
[SourceDate "2023.07.31"]
[SourceVersion "1"]
[SourceVersionDate "2023.07.31"]
[SourceQuality "1"]

1. e4 e5 2. Nf3 Nc6 3. Bb5 Nf6 4. d3 Bc5 5. c3 0-0 6. 0-0 d6 7. h3 Ne7 8. d4 Bb6 9. Re1 Ng6 10. Nbd2 c6 11. Bd3 h6 12. Qc2 Nh5 13. Nc4 Bc7 14. Ne3 Nhf4 15. Bf1 Qf6 16. Qd1 h5 17. a4 Re8 18. d5 a5 19. Kh2 cxd5 20. Nxd5 Nxd5 21. Bg5 Qe6 22. exd5 Qf5 23. Bd3 e4 24. Bc2 Bd7 25. Qd4 Ne5 26. Nxe5 dxe5 27. Qd2 e3 28. Bxe3 e4+ 29. d6 Bb8 30. c4 Ra6 31. c5 Ba7 32. b4 axb4 33. Qxb4 Rc6 34. Qxb7 Bxc5 35. Bxc5 Rxc5 36. Bxe4 Qf4+ 37. Kg1 Qxd6 38. Rad1 Rc7 39. Qb1 Qa3 40. Qb6 Qc3 41. Re3 Qc4 42. Bd5 Qxa4 43. Rd4 Rc1+ 44. Kh2 Qb5 45. Qd6 Rxe3 46. fxe3 Qf1 47. Bxf7+ Qxf7 48. Qxd7 Qxd7 49. Rxd7 Re1 50. Re7 h4 51. Re4 Kf7 52. Rf4+ Kg6 53. Rg4+ Kf6 54. Rxh4 Rxe3 55. Rg4 g6 56. h4 Ra3 57. Rb4 Rc3 58. g3 Rc6 59. Kh3 Ra6 60. Kg4 Rc6 61. Kf4 Kg7 62. g4 Rc7 63. Rb5 Kf6 64. Rb4 Ra7 65. Rb6+ Kg7 66. Ke5 Ra4 67. Rb7+ Kg8 68. g5 Rxh4 69. Kf6 Rf4+ 70. Kxg6 Rf8 71. Kh6 Ra8 72. Rg7+ Kh8 73. Re7 Kg8 74. g6 Rb8 75. Kg5 Rb1 76. Re8+ Kg7 77. Re7+ Kg8 78. Re8+ 1/2-1/2

[Event "Bhubaneswar op-A 14th"]
[Site "Bhubaneswar"]
[Date "2023.06.15"]
[Round "7"]
[White "Laxman, Rajaram"]
[Black "Krishna, C Revanth Gopala"]
[Result "1-0"]
[WhiteElo "2299"]
[BlackElo "2437"]
[PlyCount "145"]
[EventDate "2023.06.11"]
[EventType "swiss"]
[EventRounds "10"]
[EventCountry "IND"]
[SourceTitle "CBM 214 Extra"]
[Source "ChessBase"]
[SourceDate "2023.07.31"]
[SourceVersion "1"]
[SourceVersionDate "2023.07.31"]
[SourceQuality "1"]

1. Nf3 d5 2. d4 Nf6 3. c4 e6 4. g3 Bb4+ 5. Bd2 Be7 6. Bg2 0-0 7. 0-0 c6 8. Qc2 Nbd7 9. Bf4 a5 10. Rd1 Nh5 11. Bd2 f5 12. Nc3 Bd6 13. Rac1 Qe7 14. Bg5 Qe8 15. e3 Nhf6 16. cxd5 exd5 17. Bf4 Ne4 18. Bxd6 Nxd6 19. Na4 Rf6 20. b3 Rh6 21. Nb2 Nf6 22. Nd3 Nde4 23. h4 Qe7 24. Re1 Bd7 25. Nfe5 Rf8 26. Nc5 Bc8 27. a3 Nh5 28. Ncd3 Bd7 29. b4 axb4 30. axb4 Be8 31. b5 cxb5 32. Qc7 Re6 33. Qxe7 Rxe7 34. Nb4 Nhf6 35. Rc8 Bc6 36. Nbxc6 bxc6 37. Nxc6 Rb7 38. Rxf8+ Kxf8 39. Rb1 Rc7 40. Nb4 Ke7 41. Bxe4 fxe4 42. Rb2 Rc1+ 43. Kg2 Rc7 44. g4 Kd6 45. g5 Nd7 46. Ra2 Nb6 47. Ra5 Nc8 48. Rxb5 Ne7 49. Rb6+ Kd7 50. h5 Rc1 51. h6 gxh6 52. Rxh6 Rc4 53. Na6 Rc2 54. Rxh7 Ke8 55. g6 Nxg6 56. Nc7+ Kf8 57. Nxd5 Rc6 58. Kg3 Rd6 59. Nc3 Re6 60. Rh5 Ne7 61. Rg5 Kf7 62. Kg2 Nc8 63. Rf5+ Kg6 64. Rc5 Nd6 65. Kg3 Ne8 66. Nd5 Kf7 67. Nf4 Ra6 68. Rf5+ Kg7 69. Re5 Nd6 70. Re6 Kf7 71. Kg4 Rb6 72. d5 Ra6 73. Nh3 1-0

[Event "Bhubaneswar op-A 14th"]
[Site "Bhubaneswar"]
[Date "2023.06.13"]
[Round "3"]
[White "Sanjay Narayanan, PS."]
[Black "Laxman, Rajaram"]
[Result "0-1"]
[WhiteElo "1612"]
[BlackElo "2299"]
[PlyCount "134"]
[EventDate "2023.06.11"]
[EventType "swiss"]
[EventRounds "10"]
[EventCountry "IND"]
[SourceTitle "CBM 214 Extra"]
[Source "ChessBase"]
[SourceDate "2023.07.31"]
[SourceVersion "1"]
[SourceVersionDate "2023.07.31"]
[SourceQuality "1"]

1. e4 e5 2. Nf3 Nc6 3. d4 exd4 4. Bc4 Nf6 5. e5 d5 6. Bb5 Nd7 7. 0-0 Be7 8. Bxc6 bxc6 9. Nxd4 Nb8 10. f4 c5 11. Nf3 0-0 12. c3 Bf5 13. Be3 c4 14. Qd2 c5 15. Qf2 Qc7 16. Rd1 Rd8 17. Nbd2 Nd7 18. Nf1 Nb6 19. Ng3 Bd3 20. f5 Bf8 21. f6 g6 22. e6 fxe6 23. Ng5 Qd7 24. f7+ Kh8 25. Bxc5 Bg7 26. Re1 e5 27. Rxe5 Bxe5 28. Bd4 Qe7 29. Re1 Be4 30. N3xe4 dxe4 31. Qh4 Bxd4+ 32. cxd4 h5 33. Rxe4 Qf6 34. g4 Nd7 35. gxh5 Nf8 36. hxg6+ Kg7 37. Re6 Qxd4+ 38. Qxd4+ Rxd4 39. Re8 Rdd8 40. Ne6+ Nxe6 41. Rxe6 Rh8 42. h4 Raf8 43. Kg2 Rxh4 44. Kg3 Rh6 45. Re8 Rxg6+ 46. Kf4 Rxf7+ 47. Ke5 Rb6 48. Rc8 Rxb2 49. Rxc4 Rxa2 50. Rg4+ Kf8 51. Rh4 Ke7 52. Rh6 a5 53. Ra6 a4 54. Ra7+ Kf8 55. Ra8+ Kg7 56. Ke6 a3 57. Ra4 Re2+ 58. Kd5 a2 59. Rxa2 Rxa2 60. Kc4 Ra5 61. Kb4 Rh5 62. Kc4 Rf4+ 63. Kd3 Rh3+ 64. Ke2 Ra4 65. Kf2 Ra2+ 66. Kg1 Rb3 67. Kh1 Rb1# 0-1